00411nam a2200109Ia 4500008004100000020001500041245011300056260003900169300004900208440002500257999001900282150220s9999 xx 000 0 und d a059049192X aCityscapes :bcities depend on the strengths and skills of the people who live and work there /cScholastic. aNew York :bScholastic Inc.,c1996 a144 pages :bColored, Illustration ;c28 cm. aLiteracy Sourcebook. c283083d283083